| 000 | 00721nam a22001937a 4500 | ||
|---|---|---|---|
| 999 |
_c19071 _d19071 |
||
| 003 | AR-CdUCM | ||
| 008 | 190516b ||||| |||| 00| 0 spa d | ||
| 040 |
_aMUNICIPALIDAD PROVINCIAL DEL CUSCO _cBIBLIOTECA MUNICIPAL DEL CUSCO |
||
| 082 |
_a372.12 / _bL44 |
||
| 100 |
_aLemus, Luis Arturo _98345 |
||
| 245 | _aOrientación educacional / | ||
| 260 |
_aBogota : _bPublicaciones cultural, |
||
| 300 |
_a215 paginas ; _c23 cm. |
||
| 505 | _aContenido: Significado y alcance de la orientación -- Organización de la orientación -- Procedimientos de la orientación -- Tecnicas de la orientación... | ||
| 650 |
_aOrientación _915958 |
||
| 650 |
_aEducacional _927984 |
||
| 942 |
_2ddc _cLIBROS |
||
| 945 |
_apjha _d2019-05-16 |
||